000 00720nam a22002417a 4500
003 OSt
005 20220924113706.0
006 a|||||r|||| 00| 0
007 ta
008 Pun
024 _a242982
037 _cGeneral Books
040 _aARTS
_cARTS
_bPun
041 _2Pun
_aPun
082 _aO153:g, J3
100 _aਗੋਪਾਲ ਸਿੰਘ
_91897
245 0 _aਸਾਹਿੱਤ ਦੀ ਪਰਖ
260 _aਅੰਮ੍ਰਿਤਸਰ
_b ਸਿਖ ਪਬਲਿਿFੰਗ ਹਾਊਸ ਲਿਿਮਟਿਡ
_c1940
300 _a300ਪੰ
650 _aਪੰਜਾਬੀ ਸਾਹਿਤ
942 _hO153:g, J3
_cGB
_2CC
999 _c390479
_d390479